El cuerpo humano / (Registro nro. 12299)

Detalles MARC
000 -LIDER
fixed length control field 00599nam a2200193 4500
003 - IDENTIFICACDOR DE NÚMERO DE CONTROL
control field DO-SdBNP
005 - DATE AND TIME OF LATEST TRANSACTION
control field 20180510142651.0
008 - ELEMENTOS DE LONGITUD FIJA
fixed length control field 161206b2004 fr||||| |||| 00| 0 spa d
020 ## - ISBN
International Standard Book Number 9782215086239
040 ## - FUENTE DE CATALOGACIÓN
Agencia que crea de manera original el registro BPMSU
Idioma de catalogación spa
Agencia que realiza la transcripción BPMSU
100 ## - ASIENTO PRINCIPAL -- NOMBRE PERSONAL
Nombre personal Hublet, Christophe
240 ## - TITULO UNIFORME
Título uniforme La petite imagerie
245 ## - MENCIÓN DE TITULO
Título El cuerpo humano /
Mención de responsabilidad Christophe Hublet ; Émilie Beaumont; ilustraciones Catherine Ferrier; traducción Addenda
260 ## - PUBLICACIÓN, DISTRIBUCIÓN, ETC. (PIE DE IMPRENTA)
Lugar de publicación, distribución, etc Paris :
Nombre del editor, distribuidor, etc. Fleurus Panini ,
Fecha de publicación, distribución, etc 2004
300 ## - DESCRIPCIÓN FÍSICA
Extensión 12 p. :
Otros detalles físicos il. :
Dimensiones 21 cm
942 ## - ADDED ENTRY ELEMENTS (KOHA)
Source of classification or shelving scheme Dewey Decimal Classification
Koha item type Libros
945 ## - INFORMACIÓN DE PROCESAMIENTO LOCAL
Información de procesamiento local Inventariado, 2018/MFF
956 ## - LOCAL ELECTRONIC LOCATION AND ACCESS (OCLC)
Nombre de host dgarcia
Existencias
Withdrawn status Lost status Source of classification or shelving scheme Damaged status Not for loan Collection code Home library Current library Date acquired Source of acquisition Total Checkouts Barcode Date last seen Price effective from Koha item type
    Dewey Decimal Classification     Colección Infantil General Biblioteca Pública Metropolitana Salomé Ureña Biblioteca Pública Metropolitana Salomé Ureña 12/06/2016 Donado Fundi   BPMSU16120145 12/06/2016 12/06/2016 Libros